| 000 | 01107 a2200193 4500 | ||
|---|---|---|---|
| 003 | Nust | ||
| 005 | 20221124141623.0 | ||
| 010 | _a 77002560 | ||
| 020 | _a8126511915 | ||
| 040 | _cNust | ||
| 082 | 0 | 0 | _a515.7, KRE |
| 100 | 1 | _aKreyszig, Erwin. | |
| 245 | 1 | 0 |
_aIntroductory functional analysis with applications / _cErwin Kreyszig. |
| 260 |
_aNew York : _bWiley, _c2001. |
||
| 300 |
_axiv, 688 p. : _bill. ; _c24 cm. |
||
| 505 | _aMetric Spaces (Page-1), Normed Spaces Banach Spaces (Page-49), Inner Product Spaces Hilbert Spaces (Page-127), Fundamental Theorems for Normed and Banach Spaces (Page-209), Further Applications Banach Fixed Point Theorem (Page-299), Further Applications Approximation Theory (Page-327), Spectral Theory of Linear Operators In Normed Spaces (Page-363), Compact Linear Operators on Normed Spaces and Their Spectrum (Page-405), Spectral Theory of Bounded Self-Adjoin Linear Operators (Page-459), Unbounded Linear Operators in Hilbert Space (Page-523), Unbounded Linear Operators in Quantum Mechanics (Page-571). | ||
| 650 | 0 |
_aFunctional analysis. _939212 |
|
| 942 |
_2ddc _cBK |
||
| 999 |
_c176912 _d176912 |
||